000 00360nam a2200169Ia 4500
003 0STCL
008 150530s9999 xx 000 0 und d
040 _aSTCL
_cSTCL
100 _aMohsin, S.M.
245 _aElementary Psychology
250 _aThird
260 _c2001
546 _aEnglish
942 _2ddc
_cBK
999 _c2168
_d2168
005 20220125165308.0